Summer Blockbusters Quiz Stats

Quiz Updated Jan 12, 2018

Challenge
Share
Tweet
Score 0/21 Timer 07:00
8 Plays Today
% Correct
Wonder Woman
98.1%
Finding Dory
97.3%
Toy Story 3
97%
Finding Nemo
95.5%
Shrek
95.3%
Spider-Man
95%
The Avengers
94.8%
Shrek 2
94%
Men in Black
94%
The Dark Knight
93.1%
Spider-Man 3
92.9%
% Correct
Jurassic World
89.7%
Guardians of the Galaxy
87.3%
Transformers: Revenge of the Fallen
84%
Star Wars: Episode III - Revenge of the Sith
83.8%
Iron Man 3
83.4%
Star Wars: Episode I - The Phantom Menace
83.1%
Pirates of the Caribbean: Dead Man's Chest
81.5%
Harry Potter and the Deathly Hallows Part 2
80.8%
Armageddon
75.4%
Mission: Impossible II
56.1%

You're not logged in!

Compare scores with friends on all Sporcle quizzes.
Join for Free
OR
Log In

You Might Also Like...

Show Comments

Extras

Top Quizzes Today


Score Distribution

Your Account Isn't Verified!

In order to create a playlist on Sporcle, you need to verify the email address you used during registration. Go to your Sporcle Settings to finish the process.

Report this User

Report this user for behavior that violates our Community Guidelines.

Details: